| 000 | 00803cam a22002411 4500 | ||
|---|---|---|---|
| 082 |
_a621.4025 _bWRA _cL-12, P-17 |
||
| 100 | 1 |
_aWrangham, Digby Alfred. _941805 |
|
| 245 | 0 | 4 | _aThe theory and practice of heat engines. |
| 250 | _a2d ed. | ||
| 260 |
_aCambridge [Eng.] _bUniversity Press, _c1948. |
||
| 300 |
_axii, 872 p. _billus. (part col.) _c26 cm. |
||
| 526 |
_a0 _b0 _c0 _d621_402500000000000_WRA |
||
| 526 |
_a0 _b0 _c0 _d621_402500000000000_WRA |
||
| 526 |
_a0 _b0 _c0 _d621_402500000000000_WRA |
||
| 526 |
_a0 _b0 _c0 _d621_402500000000000_WRA |
||
| 526 |
_a0 _b0 _c0 _d621_402500000000000_WRA |
||
| 650 | 0 |
_aHeat-engines. _938614 |
|
| 650 | 0 | _aInternal combustion engines. | |
| 650 | 0 |
_aKinetic theory of gases. _940004 |
|
| 650 | 0 |
_aMCE _9379 |
|
| 650 | 0 |
_aSteam-engines. _941806 |
|
| 942 |
_2ddc _cBK |
||
| 999 |
_c545838 _d545838 |
||